banner-ar

المدخل الى الكتابة العلمية للرسائل والبحوث والنشر العلمى الدولى / (Record no. 64994)

MARC details
000 -الفاتح
حقل البيانات ثابتة الطول 01115nam a22002657a 4500
005 - وقت وتاريخ اخر تعامل مع التسجيلة
رقم الضبط 20240530110801.0
008 - عناصر البيانات ثابتة الطول - معلومات عامة
حقل البيانات ثابتة الطول 190211s2018 ua a g b 000 0 ara d
017 ## - رقم الايداع القانونى
المصدر ( الهيئة المختصة) مصر. دار الكتب
رقم الايداع القانونى 2017/25163
020 ## - الرقم الدولى المعيارى للكتب
الرقم الدولى المعيارى للكتاب 9789777357555
040 ## - مصدر الفهرسة
وكالة الفهرسة الأصلية EG-CaGPL
وكالة النسخ EG-CaGPL
082 04 - رقم تصنيف ديوى العشرى
رقم الطبعة 21
رقم التصنيف 001.42\
رقم المادة ع م
100 0# - المدخل الرئيسى - إسم شخصى
الإسم الشخصى على ابراهيم على عبيدو
245 12 - بيان العنوان
العنوان المدخل الى الكتابة العلمية للرسائل والبحوث والنشر العلمى الدولى /
بيان المسئوليه,etc على ابراهيم على عبيدو ، احمد عبدالفتاح محمود
250 ## - بيان الطبعة
بيان الطبعة ط.1
260 ## - PUBLICATION, DISTRIBUTION, ETC. (IMPRINT)
تاريخ النشر أو التوزيع 2018 .
300 ## - الوصف المادى
التعداد 636 ص. ؛
أبعاد الوعاء 24 سم.
504 ## - تبصرة ببليوجرافية
تبصرة ببليوجرافية,الخ يشتمل على ارجاعات ببلوجرافية
650 07 - المدخل الاضافى بالموضوع-مصطلح موضوعى
مصدر الرأس أو المصطلح qrmak
مصطلح موضوعي البحوث العلمية
650 07 - المدخل الاضافى بالموضوع-مصطلح موضوعى
مصطلح موضوعي بنك المعرفة المصرى
650 07 - المدخل الاضافى بالموضوع-مصطلح موضوعى
مصطلح موضوعي طرق البحث
مصدر الرأس أو المصطلح qrmak
651 ## - المدخل الاضافى بالموضوع - اسم جغرافى
مصدر الرأس أو المصطلح qrmak
700 0# - المدخل الاضافى - اسم شخصى
الإسم الشخصى احمد عبدالفتاح محمود
الدور مؤلف مشارك
942 ## - عناصر المدخل الإضافي( كوها)
مصدر التصنيف او مخطط الترفيف Dewey Decimal Classification
Koha [default] item type كتاب
260 ## - PUBLICATION, DISTRIBUTION, ETC. (IMPRINT)
-- القاهرة :
-- دار الوفاء لدنيا الطباعة و النشر،
Holdings
حالة التراجع حالة الفقد حالة تلف ليس للاعارة المكان المؤقت الموقع الحالى موقع الترفيف تاريخ الاكتساب اجمالي اﻻعارات رقم الطلب الباركود تاريخ اخر مشاهدة تاريخ تفعيل السعر نوع وعاء كوها
        مكتبة القاهرة الكبرى مكتبة القاهرة الكبرى القاعة الرئيسية 02/11/2019   001.42\ ع م 165530 02/11/2019 02/11/2019 كتاب

Powered By

EGPV